ʻAqīdat al-Shīʻah : wa-huwa kitāb ʻan tārīkh al-Islām fī Īrān wa-ʻIrāq /

محفوظ في:

المؤلف الرئيسي: Donaldson, Dwight M. (مؤلف)

التنسيق: كتاب

اللغة: Arabic
English

منشور في: Miṣr : Maktabat al-Khānjī, 1946.

الموضوعات:

الوسوم: إضافة وسم

لا توجد وسوم, كن أول من يضع وسما على هذه التسجيلة!

رقم الطلب: BP193.5 .D6612 1946

LEADER 01541nam a2200277Ia 4500
003 OSt
005 20230202081400.0
008 130303s1946 ua a b 001 0 ara d
952 |0 0  |1 0  |2 lcc  |4 0  |6 BP01935 D6612 01946  |7 1  |9 6185  |a ARCE  |b ARCE  |d 2020-09-23  |l 0  |o BP193.5 .D6612 1946  |p 1030261  |r 2020-09-23 00:00:00  |w 2020-09-23  |y BK 
999 |c 30281  |d 30281 
040 |c ARCE Library 
041 1 |a ara  |h eng 
043 |a a-ir---  |a a-iq--- 
050 4 |a BP193.5 .D6612 1946 
100 1 |a Donaldson, Dwight M.,   |e author  |9 29129 
240 1 0 |a Shi'ite religion.  |l Arabic 
245 1 0 |6 880-02  |a ʻAqīdat al-Shīʻah :  |b wa-huwa kitāb ʻan tārīkh al-Islām fī Īrān wa-ʻIrāq /  |c Ta’līf Dwāyt M. Dūnaldsun ; taʻrīb ʻA. M. 
264 1 |a Miṣr :   |b Maktabat al-Khānjī,   |c 1946. 
300 |a 398 pages :   |b illustrations ;   |c 24 cm. 
500 |a Translation of : The Shi'ite religion. 
504 |a Includes bibliographical references (pages 359-373) and indexes. 
650 0 |a Shīʻah  |x Doctrines. 
650 0 |a Shiites  |z Iran  |x History. 
880 1 0 |6 245-02/(3/r  |a عقيدة الشيعة :   |b و هو كتاب عن تاريخ الإسلام في إيران و العراق   |c تأليف دوايت م. رونلدسن ؛ تعريب ع.م.‪‪‪‪‪‪‪‪‪‪‪‪‪‪‪‪‪‪‪‪‪‪‪‪‪‪‪‪‪‪‪‪‪‪‪‪‪‪‪‪‪‪‪‪‪‪‪‪‪‪‪‪‪‪‪‪‪‪‪‪‪‪‪‪‪‪‪‪‪‪‪‪‪‪‪‪‪‪‪‪‪‪‪‪‪‪‪‪‪‪‪‪ 
901 |a reviewed 
942 |c BK  |2 lcc